00325nam a2200121Ia 4500008004100000041000800041082001400049100002300063245004500086260003000131300003000161365001200191240624s9999 xx 000 0 und d aeng a658.7 CUD aCUDNEY ELIZABETH A aIMPLEMENTING LEAN SIX SIGMA THROUGHOUT T c2011aNew YorkbCRC Press axv, : 264 : p. : cm. ; 25 cBPSb27